<?xml version="1.0" encoding="UTF-8"?>
<marc:record xmlns:marc="http://www.loc.gov/MARC21/slim">
   <marc:leader>00000nam a2200000 a 4500</marc:leader>
   <marc:datafield ind1="1" ind2=" " tag="100">
      <marc:subfield code="a">Revedin, Jana</marc:subfield>
      <marc:subfield code="4">aut</marc:subfield>
      <marc:subfield code="e">Verfasser/-in</marc:subfield>
   </marc:datafield>
   <marc:datafield ind1="0" ind2="0" tag="245">
      <marc:subfield code="a">Die Gärtnerin von Venedig</marc:subfield>
   </marc:datafield>
   <marc:datafield ind1="0" ind2="0" tag="245">
      <marc:subfield code="b">Roman</marc:subfield>
   </marc:datafield>
   <marc:datafield ind1="0" ind2="0" tag="245">
      <marc:subfield code="c">Jana Revedin</marc:subfield>
   </marc:datafield>
   <marc:datafield ind1=" " ind2="1" tag="264">
      <marc:subfield code="a">Wien</marc:subfield>
      <marc:subfield code="b">Braumüller Literaturverlag</marc:subfield>
      <marc:subfield code="c">2026</marc:subfield>
   </marc:datafield>
   <marc:datafield ind1="1" ind2=" " tag="520">
      <marc:subfield code="a">Aufgewachsen auf einem Bergbauernhof, ahnt Eri lange nicht, wohin sie gehört. Erst nach Umwegen und einem abgebrochenen Studium entdeckt sie ihre Berufung als Gärtnerin. Auf den Rat ihrer exzentrischen Großtante, die einst aus der Enge der Berge in die Welt der Haute Couture ausbrach, wagt sie den Schritt nach Venedig. Doch die Lagunenstadt empfängt sie kühl, neblig und voller Widerstände. Hartnäckig kämpft sie sich in ein Projekt zur Wiederbepflanzung der Lagune und stößt auf eklatante Ungereimtheiten: versickernde EU-Gelder, gefährliche Interessen. Während sie beginnt, unbequeme Wahrheiten aufzudecken, findet sie Verbündete und verliebt sich in Todd, einen der raren echten Venediger. Als ihre betagte Tante sie schließlich besucht, kommen lang gehütete Geheimnisse ans Licht, und sie erkennen, dass ihre Lebensgeschichten untrennbar miteinander verwoben sind.</marc:subfield>
   </marc:datafield>
   <marc:datafield ind1=" " ind2=" " tag="020">
      <marc:subfield code="a">9783992004133</marc:subfield>
      <marc:subfield code="9">9783992004133</marc:subfield>
   </marc:datafield>
   <marc:datafield ind1=" " ind2=" " tag="041">
      <marc:subfield code="a">ger</marc:subfield>
   </marc:datafield>
   <marc:datafield ind1="1" ind2=" " tag="521">
      <marc:subfield code="a">0</marc:subfield>
   </marc:datafield>
   <marc:datafield ind1=" " ind2=" " tag="300">
      <marc:subfield code="a">267 S.</marc:subfield>
   </marc:datafield>
</marc:record>
